Political Handbook of the World 1991 Governments and Intergovernmental Organizations as of July 1, 1991

Guardado en:
Detalles Bibliográficos
Otros Autores: Banks, Arthur S.
Formato: Libro
Lenguaje:inglés
Publicado: Binghamton CSA Publications 1991
Edición:1. ed.
Materias:
Etiquetas: Agregar Etiqueta
Sin Etiquetas, Sea el primero en etiquetar este registro!

MARC

LEADER 00000nam a2200000 4500
001 c019513
005 20221214094537.7
020 |a 0-933199-07-4 
041 0 |a eng 
044 |a US 
245 1 0 |a Political Handbook of the World 1991  |b Governments and Intergovernmental Organizations as of July 1, 1991  |c Edit. Arthur S. Banks 
250 |a 1. ed. 
264 1 |a Binghamton  |b CSA Publications  |c 1991 
300 |a 1006 s. 
610 2 0 |a politika 
610 2 0 |a politika medzinárodná 
610 2 0 |a politika svetová 
610 2 0 |a strany politické 
610 2 0 |a organizácie nevládne 
700 1 |a Banks, Arthur S.